000 00480pab a2200181 454500
008 180718b2005 xxu||||| |||| 00| 0 eng d
100 _aSekar, I.
245 _aPlanning suitable sites for water harvesting structures in Bandal watershed - RS and GIS approach
260 _c2005
300 _ap.260-64.
362 _aJul-Dec
650 _aWater
650 _aHarvesting
700 _aRao, K.H.V. Durga
700 _aSingh, J.P.
773 _aProductivity
909 _a71367
999 _c71367
_d71367